000
00245nam a2200097Ia 4500
005
20251222113742.0
008
251222s1900||||xx |||||||||||||| ||spa||
082
_a
DVD0120/D89/1952
245
0
_a
Cantando bajo la lluvia:Singin in the rain
942
_c
DVD
999
_c
633
_d
633